| 000 | 01103nam a2200241Ia 4500 | ||
|---|---|---|---|
| 003 | IN-BaIIA | ||
| 008 | 211028s9999 xx 000 0 eng d | ||
| 020 | _a90-277-1273-5 | ||
| 040 | _cIIA Library | ||
| 080 |
_a082.2:52 _bIAU-S93 |
||
| 111 |
_aInternational Astronomical Union Symposium no.93 on Fundamental Problems in the theory of Stellar Evolution _c Kyoto University _d1980 July 22-25 _911852 |
||
| 245 | 0 |
_aFundamental problems in the theory of stellar evolution _bproceedings of the international Astronomical Union Symposium no.93 on fundamental problems in the theory of Stellar Evolution, held in Kyoto University, Kyoto, Japan, July 22-25, 1980 _cedited by Daiichiro Sugimoto, Donald Q. Lamb, and David N. Schramm. |
|
| 260 |
_aDordrecht _bD. Reidel Publishing _c1981 |
||
| 300 | _axv, 347p. | ||
| 650 | _aAstronomy and Astrophysics Thesaurus | ||
| 650 | _aStar formation | ||
| 650 | _aStellar Evolution | ||
| 650 | _aStellar structure | ||
| 700 |
_aLamb, Donald Q., ed. _911853 |
||
| 700 |
_aSchramm, David N., ed. _911149 |
||
| 700 |
_aSugimoto, Daichiro., ed. _911854 |
||
| 942 | _cBK | ||
| 999 |
_c6918 _d6918 |
||